| 000 | 00755nam a2200265Ia 4500 | ||
|---|---|---|---|
| 003 | OSt | ||
| 005 | 20220928124353.0 | ||
| 006 | a|||||r|||| 00| 0 | ||
| 007 | ta | ||
| 008 | 220927b |||||||| |||| 00| 0 eng d | ||
| 020 | _c2794.2694999999999 | ||
| 024 | _a107170 | ||
| 037 |
_b173, 22/03/2010, Capital Book Agency _cTextual |
||
| 040 |
_aSDCL _cSDCL _beng |
||
| 041 |
_2eng _aeng |
||
| 082 | _aR4, P7 | ||
| 100 |
_aLafollette Hugh Ed. _9464723 |
||
| 245 | 0 |
_aEthics in practice _b An anthology. |
|
| 250 | _a3 | ||
| 260 |
_aOxford _bBlackwell _c2007 |
||
| 300 |
_axvi, 745p. _ccm. |
||
| 650 | _aPhilosophy | ||
| 942 |
_hR4, P7 _cTEXL _2CC |
||
| 999 |
_c777607 _d777607 |
||